| 000 | 00812na a2200265 4500 | ||
|---|---|---|---|
| 001 | 13640 | ||
| 003 | MIRAKIL | ||
| 005 | 20181213154741.0 | ||
| 008 | 160822b tu 000 0 | ||
| 020 | _a9751602017 | ||
| 035 | _a13640 | ||
| 040 |
_aMilas _btur _cTR-AnCHP |
||
| 082 |
_aATA 321.86 _bE66a 1989 |
||
| 090 | _aATA 321.86 E66a 1989 | ||
| 100 | _aEroğlu, Hamza | ||
| 245 |
_aAtatürk ve Cumhuriyet _cHamza Eroğlu |
||
| 260 |
_aAnkara _bAtatürk Kültür, Dil ve Tarih Yüksek Kurumu Atatürk Araştırma Merkezi _c1989 |
||
| 300 |
_avi, 110 s. _c22 sm. |
||
| 490 |
_aAtatürk ve Atatürkçülük dizisi _v8 |
||
| 504 | _aKaynakça var. | ||
| 600 |
_aAtatürk, Mustafa Kemal _d1881-1938 _xAnayasa |
||
| 650 |
_aTürkiye Cumhuriyeti _xKuruluş |
||
| 650 |
_aCumhuriyet _xKavram |
||
| 942 |
_2ddc _cBKS |
||
| 999 |
_c262 _d262 |
||